| 000 | 00463nam a22001457a 4500 | ||
|---|---|---|---|
| 008 | 140924b xxu||||| |||| 00| 0 eng d | ||
| 020 | _a9780797494794 | ||
| 050 | _aBX1968.D814 | ||
| 100 |
_aDube, Aleta Sr. Dr. _911581 |
||
| 245 |
_aCatechesis _ba permanent continuous education in faith _cSr. Dr. Aleta Dube |
||
| 260 |
_aGweru _bIlizwe Publications _c2014 |
||
| 300 |
_a69p. ; _c22cm. |
||
| 650 |
_aCatholic Church _xCatechetics _911582 |
||
| 942 |
_2lcc _cMONOGRAPH |
||
| 999 |
_c120935 _d120935 |
||